[Event "ICS rated blitz match"]
[Site "204.178.125.65"]
[Date "1999.08.31"]
[Round "?"]
[White "MissSilicon"]
[Black "Hossa"]
[Result "1-0"]
[WhiteElo "2608"]
[BlackElo "2526"]
[PlyCount "171"]
[EventDate "1999.??.??"]

1. e4 c5 2. Nf3 d6 3. d4 Nf6 4. Nc3 cxd4 5. Nxd4 a6 6. Bd3 Nc6 7. Nxc6 bxc6 8.
O-O e5 9. Bc4 Be7 10. Qd3 O-O 11. b3 Bb7 12. Rd1 Ng4 13. h3 Nf6 14. Bg5 Qa5 15.
b4 Qb6 16. Be3 Qc7 17. a3 d5 18. exd5 Rfd8 19. d6 Rxd6 20. Qe2 Rxd1+ 21. Rxd1
a5 22. Na2 axb4 23. axb4 Rd8 24. Rxd8+ Qxd8 25. Bd2 Bd6 26. Bg5 h6 27. Bh4 Bc7
28. Nc3 g5 29. Bg3 Qd4 30. Qd3 Qxd3 31. Bxd3 Nh5 32. Bh2 Nf4 33. Bxf4 exf4 34.
Be4 Be5 35. Na2 f5 36. Bxf5 Ba6 37. Be6+ Kf8 38. Bb3 Bb2 39. c4 h5 40. Kf1 g4
41. hxg4 hxg4 42. Ke2 Bd4 43. f3 g3 44. Kd3 Be3 45. Ba4 Bc8 46. Nc3 Bd7 47. Ke4
Bd2 48. Ne2 Be6 49. b5 Bxc4 50. b6 Bd5+ 51. Kf5 Ba5 52. b7 Bc7 53. Nxf4 Ke7 54.
Nxd5+ cxd5 55. f4 Kd6 56. Kg6 d4 57. f5 Ke7 58. f6+ Kf8 59. Bb5 Bb8 60. Kf5 Ba7
61. Bc4 Ke8 62. Kf4 Bb8+ 63. Ke4 Ba7 64. f7+ Kf8 65. Be6 Ke7 66. Kd3 Kf8 67.
Bb3 Ke7 68. Bd5 Kf8 69. Ke4 Ke7 70. Bb3 Bb8 71. Kxd4 Bf4 72. Ke4 Bd6 73. Bd5
Bc7 74. Kf5 Bb8 75. Kg6 Kf8 76. Kf6 Bd6 77. Ke6 Bb8 78. Kd7 Be5 79. Kc8 Ke7 80.
b8=R Kf8 81. Rb4 Bc3 82. Rg4 Ke7 83. f8=Q+ Kxf8 84. Kd7 Bg7 85. Rxg3 Bb2 86.
Rg8# {Hossa checkmated} 1-0

[Event "ICS rated blitz match"]
[Site "204.178.125.65"]
[Date "1999.08.31"]
[Round "?"]
[White "MissSilicon"]
[Black "Hossa"]
[Result "1-0"]
[WhiteElo "2656"]
[BlackElo "2548"]
[PlyCount "153"]
[EventDate "1999.??.??"]

1. e4 c5 2. Nf3 Nc6 3. d4 cxd4 4. Nxd4 Nf6 5. Nc3 d6 6. Bc4 Nxd4 7. Qxd4 e5 8.
Qd3 Be7 9. Bg5 O-O 10. O-O Be6 11. Bxe6 fxe6 12. Rad1 Rc8 13. Nb5 a6 14. Nxd6
Bxd6 15. Bxf6 gxf6 16. c4 Rc6 17. c5 Rxc5 18. Qxd6 Qxd6 19. Rxd6 Rc2 20. Rb6
Rf7 21. g3 Rd7 22. Rxe6 Rxb2 23. Rxf6 Rxa2 24. Rf5 Re7 25. Rc1 Re2 26. f3 b6
27. Ra1 a5 28. Rb1 Re6 29. Rd1 Kg7 30. Rd7+ Kg6 31. Rff7 h5 32. Rg7+ Kh6 33.
Rh7+ Kg6 34. Rdg7+ Kf6 35. Rh6+ Kxg7 36. Rxe6 Re1+ 37. Kf2 Rc1 38. Rxb6 Rc2+
39. Kg1 a4 40. Ra6 Rc4 41. Ra7+ Kf6 42. Kg2 Kg5 43. Ra6 Rc2+ 44. Kg1 Rc1+ 45.
Kf2 Rc2+ 46. Ke3 Rc3+ 47. Ke2 Rc2+ 48. Kd1 Rxh2 49. Ra5 Rg2 50. f4+ Kg4 51.
fxe5 Rg1+ 52. Kc2 Rg2+ 53. Kc3 Rxg3+ 54. Kd4 Kf4 55. e6 Rg8 56. Rxh5 Rd8+ 57.
Rd5 Re8 58. Rf5+ Kg3 59. Ke5 a3 60. Rf1 Rc8 61. e7 Re8 62. Ke6 Rb8 63. Ra1 a2
64. Rxa2 Kf4 65. e5 Kg4 66. Rd2 Kf4 67. Rd4+ Kg5 68. Rd8 Rb6+ 69. Kd5 Rb5+ 70.
Kd4 Rb4+ 71. Kc3 Re4 72. e8=Q Re1 73. Qe7+ Kg4 74. Qg7+ Kf3 75. Rf8+ Ke3 76.
Qa7+ Ke4 77. Qd4# {Hossa checkmated} 1-0

[Event "ICS rated blitz match"]
[Site "204.178.125.65"]
[Date "1999.08.29"]
[Round "?"]
[White "MissSilicon"]
[Black "Hossa"]
[Result "1-0"]
[WhiteElo "2600"]
[BlackElo "2516"]
[PlyCount "89"]
[EventDate "1999.??.??"]

1. d4 d5 2. c4 e6 3. Nc3 Nf6 4. Bg5 Be7 5. e3 O-O 6. Nf3 Nc6 7. Bd3 Nb4 8. O-O
c5 9. dxc5 Bxc5 10. Be2 Be7 11. a3 Nc6 12. Qc2 Nd7 13. cxd5 exd5 14. Bxe7 Nxe7
15. Bd3 Nf6 16. Rac1 Ng6 17. Qb3 b6 18. Nb5 Bg4 19. Bxg6 fxg6 20. Nfd4 a5 21.
Nc7 Rb8 22. Nce6 Bxe6 23. Nxe6 Qd6 24. Nxf8 Rxf8 25. Qb5 Ng4 26. g3 Qd8 27. Rc6
Rf6 28. Rfc1 Rf8 29. Rc8 Qd6 30. R1c6 Qd7 31. Rxf8+ Kxf8 32. Qxb6 Qe8 33. Qc5+
Kf7 34. Qxd5+ Kf8 35. Qc5+ Kf7 36. Rc7+ Ke6 37. e4 Ne5 38. Qd5+ Kf6 39. f4 Nd7
40. Rxd7 Qxd7 41. Qxd7 g5 42. e5+ Kg6 43. g4 Kh6 44. Qd6+ g6 45. Qf8# {
Hossa checkmated} 1-0

[Event "ICS rated blitz match"]
[Site "204.178.125.65"]
[Date "1999.09.01"]
[Round "?"]
[White "MissSilicon"]
[Black "Hossa"]
[Result "1-0"]
[WhiteElo "2655"]
[BlackElo "2544"]
[PlyCount "103"]
[EventDate "1999.??.??"]

1. f4 d5 2. e3 e6 3. Nf3 Nd7 4. d4 Bd6 5. Nc3 c5 6. e4 Ne7 7. exd5 Nxd5 8. dxc5
Bxf4 9. Nxd5 Bxc1 10. Qxc1 exd5 11. Qe3+ Qe7 12. Qxe7+ Kxe7 13. O-O-O Nxc5 14.
Rxd5 b6 15. Bb5 Be6 16. Re1 Kf6 17. Rd4 Rad8 18. Rf4+ Ke7 19. b4 Nd7 20. Nd4
Kd6 21. Nxe6 fxe6 22. Rf7 Nf6 23. Rxa7 g6 24. c4 Ra8 25. Rb7 Rhb8 26. Rd1+ Ke5
27. Rxb8 Rxb8 28. Bc6 Rc8 29. b5 Rf8 30. Kc2 Ng4 31. Kc3 Nxh2 32. Rh1 Ng4 33.
Rxh7 Kd6 34. Rd7+ Kc5 35. Bb7 Ne5 36. Rc7+ Kd6 37. Rc8 Rf7 38. Ba6 Rf2 39. c5+
bxc5 40. b6 Rxa2 41. b7 Nd7 42. Rd8 Kc6 43. Rxd7 Ra3+ 44. Kb2 Rxa6 45. b8=Q
Rb6+ 46. Qxb6+ Kxb6 47. Rd6+ Kb5 48. Rxe6 g5 49. Kc3 Ka5 50. Kc4 g4 51. g3 Ka4
52. Ra6# {Hossa checkmated} 1-0

[Event "ICS rated blitz match"]
[Site "204.178.125.65"]
[Date "1999.09.16"]
[Round "?"]
[White "MissSilicon"]
[Black "Hossa"]
[Result "1-0"]
[WhiteElo "2675"]
[BlackElo "2496"]
[PlyCount "102"]
[EventDate "1999.??.??"]

1. f4 d5 2. Nf3 Nf6 3. b3 Bf5 4. Nd4 Bg4 5. Ba3 e6 6. Bxf8 Rxf8 7. g3 c5 8. Nf3
Ne4 9. Ne5 Bf5 10. Bg2 f6 11. Nf3 Kf7 12. O-O Kg8 13. Nh4 Bg4 14. d3 Nd6 15. c4
d4 16. Nd2 Nc6 17. h3 Bh5 18. Ne4 Nxe4 19. Bxe4 Qd7 20. f5 e5 21. a3 a5 22.
Bd5+ Bf7 23. Be4 b6 24. Nf3 Rae8 25. b4 Ne7 26. Nd2 Rb8 27. Rb1 Rfc8 28. Qc2
cxb4 29. axb4 axb4 30. Rxb4 Nd5 31. Bxd5 Qxd5 32. Qb2 Qb7 33. Ne4 Rc6 34. Ra4
Rbc8 35. Qa3 Qc7 36. Ra7 Qb8 37. Ra1 Bh5 38. Ra2 Bf7 39. Ra8 Qb7 40. Nd6 Rxd6
41. Rxc8+ Qxc8 42. Qxd6 b5 43. Ra7 bxc4 44. Rb7 c3 45. Rb8 Qe8 46. Rxe8+ Bxe8
47. Qe7 Ba4 48. Qd8+ Kf7 49. Qc7+ Kf8 50. Qc5+ Ke8 51. Qc4 51... Bd1 {
Hossa resigns} 1-0

[Event "ICS rated blitz match"]
[Site "204.178.125.65"]
[Date "1999.08.31"]
[Round "?"]
[White "MissSilicon"]
[Black "Hossa"]
[Result "1-0"]
[WhiteElo "2654"]
[BlackElo "2555"]
[PlyCount "98"]
[EventDate "1999.??.??"]

1. d4 Nf6 2. c4 e6 3. Nc3 Bb4 4. Bg5 h6 5. Bh4 g5 6. Bg3 Ne4 7. Qd3 Nxg3 8.
hxg3 Nc6 9. a3 Be7 10. Nf3 g4 11. Nh2 Bf6 12. e3 h5 13. Be2 d6 14. O-O e5 15.
Qe4 Bg7 16. dxe5 dxe5 17. Rfd1 Bd7 18. c5 Qg5 19. Qc2 O-O-O 20. Ne4 Qg6 21. Bd3
f5 22. Nc3 Qg5 23. Bb5 Be8 24. Rxd8+ Nxd8 25. Bxe8 Rxe8 26. Qa4 Re6 27. b4 Ra6
28. Qb3 h4 29. Nf1 h3 30. gxh3 gxh3 31. Rd1 Bh8 32. Nb5 Bf6 33. Nh2 Qg7 34. Qd3
e4 35. Qd5 Qh7 36. g4 fxg4 37. Nxg4 Bh4 38. Kh2 Ra4 39. Qe5 a6 40. Nf6 Qf7 41.
Qf5+ Ne6 42. Na7+ Kb8 43. Nd7+ Qxd7 44. Rxd7 Rxa3 45. Qxe6 Rxe3 46. Nc6+ bxc6
47. Qxc6 Bg3+ 48. fxg3 Re2+ 49. Kxh3 49... Rh2+ {Hossa resigns} 1-0

[Event "ICS rated blitz match"]
[Site "204.178.125.65"]
[Date "1999.09.23"]
[Round "?"]
[White "MissSilicon"]
[Black "Hossa"]
[Result "1-0"]
[WhiteElo "2591"]
[BlackElo "2297"]
[PlyCount "118"]
[EventDate "1999.??.??"]

1. e4 c5 2. Nf3 d6 3. d4 cxd4 4. Nxd4 Nf6 5. Nc3 a6 6. Bd3 e5 7. Nde2 Nc6 8.
O-O Be7 9. Nd5 O-O 10. Nec3 Nxd5 11. Nxd5 Be6 12. f4 f5 13. Nxe7+ Nxe7 14. Qe2
Qb6+ 15. Kh1 fxe4 16. Qxe4 Bf5 17. Qe2 Bxd3 18. Qxd3 Rad8 19. Be3 Qc6 20. Qb3+
Kh8 21. fxe5 dxe5 22. Bg5 Qd7 23. Qd3 Qe6 24. Qe4 h6 25. Be3 Qd5 26. Rxf8+ Rxf8
27. Qb4 Rf7 28. Bb6 Nc6 29. Qa4 Rf4 30. Qb3 Qxb3 31. axb3 Re4 32. Rc1 Re2 33.
Bc5 e4 34. Kg1 Kh7 35. Kf1 Rd2 36. Be3 Rd6 37. Ke2 g5 38. Bf2 Rf6 39. Rd1 Kg6
40. Bc5 Kf5 41. Rd5+ Ke6 42. c4 Na5 43. Ke3 Nxb3 44. Bb4 Rf4 45. g3 Rg4 46.
Rd6+ Kf7 47. Be1 Na1 48. Rd2 Nb3 49. Rc2 Kg7 50. h3 Kf7 51. hxg4 Nc5 52. b4 Nd3
53. Bc3 a5 54. bxa5 Kg6 55. Kxe4 Nc5+ 56. Kd5 Na6 57. Rb2 Nc7+ 58. Kd6 Na6 59.
Rb6 59... h5 {Hossa resigns} 1-0

[Event "ICS rated blitz match"]
[Site "204.178.125.65"]
[Date "1999.09.14"]
[Round "?"]
[White "MissSilicon"]
[Black "Hossa"]
[Result "1-0"]
[WhiteElo "2620"]
[BlackElo "2373"]
[PlyCount "118"]
[EventDate "1999.??.??"]

1. e4 e6 2. d4 d5 3. Nc3 Bb4 4. a3 Bxc3+ 5. bxc3 Nf6 6. exd5 exd5 7. Qe2+ Be6
8. Qb5+ Nbd7 9. Qxb7 c5 10. dxc5 Nxc5 11. Qc6+ Nfd7 12. Bg5 f6 13. Be3 Rc8 14.
Qd6 Kf7 15. Ne2 Re8 16. Qf4 Kg8 17. Qd4 Bf7 18. Nf4 Nb6 19. Bd3 Qc7 20. Ne2
Nxd3+ 21. cxd3 Bh5 22. g4 Bg6 23. O-O f5 24. h3 fxg4 25. hxg4 Rf8 26. a4 Qd7
27. a5 Na8 28. Rfb1 Nc7 29. Rb7 a6 30. Rab1 Rf3 31. c4 Bxd3 32. Qxd3 Qxg4+ 33.
Kf1 dxc4 34. Qd4 Qh3+ 35. Kg1 Ne6 36. Qe4 Rff8 37. Rc1 Nd8 38. Re7 Nf7 39. Rxc4
Rcd8 40. Rd4 Qh5 41. Rxd8 Nxd8 42. Qc4+ Nf7 43. Qxa6 Ng5 44. Ng3 Nf3+ 45. Kf1
Qh3+ 46. Ke2 Kh8 47. Rf7 Ng1+ 48. Kd3 Re8 49. Bd4 Rd8 50. Qc4 Qg4 51. Kc2 Rg8
52. Bxg7+ Rxg7 53. Rf8+ Rg8 54. Qxg4 Rxf8 55. Nh5 Rxf2+ 56. Kb3 Rf3+ 57. Kc4
Rf4+ 58. Qxf4 h6 59. Qd4+ 59... Kg8 {Hossa resigns} 1-0

[Event "ICS rated blitz match"]
[Site "204.178.125.65"]
[Date "1999.10.02"]
[Round "?"]
[White "MissSilicon"]
[Black "Hossa"]
[Result "1-0"]
[WhiteElo "2549"]
[BlackElo "2435"]
[PlyCount "147"]
[EventDate "1999.??.??"]

1. e4 c5 2. Nf3 d6 3. d4 cxd4 4. Nxd4 Nf6 5. Nc3 e6 6. g3 d5 7. exd5 Nxd5 8.
Bb5+ Bd7 9. Nxd5 exd5 10. Qe2+ Qe7 11. Qxe7+ Bxe7 12. Bxd7+ Kxd7 13. O-O Bf6
14. Nb3 Rc8 15. c3 Kc6 16. Be3 Re8 17. Rad1 a5 18. Nd4+ Bxd4 19. Rxd4 Na6 20.
c4 dxc4 21. Rxc4+ Kb5 22. Rh4 h6 23. Rh5+ Ka4 24. b3+ Kb4 25. Bd2+ Ka3 26.
Rxa5+ Kb2 27. Bc1+ Kc2 28. Be3 Rad8 29. Rc1+ Kb2 30. Rc4 Rd1+ 31. Kg2 Red8 32.
Rg4 g5 33. h4 f6 34. Kf3 R8d3 35. Re4 Nb8 36. hxg5 hxg5 37. Kg4 Nc6 38. Rf5 Rd6
39. Bc5 R6d5 40. Re2+ Kb1 41. Rxd5 Rxd5 42. Be3 Nb4 43. a4 Nc2 44. Ba7 Kb2 45.
Re6 Kxb3 46. Rxf6 Kxa4 47. Rb6 Nd4 48. Rxb7 Ne6 49. Rb8 Ka5 50. Bb6+ Kb5 51.
Bd8+ Kc6 52. Bf6 Ra5 53. Rg8 Ra4+ 54. Kf5 Kd6 55. Bxg5 Kd7 56. f4 Ra2 57. g4
Ra4 58. Ke5 Ra1 59. f5 Re1+ 60. Kd5 Rd1+ 61. Ke4 Nxg5+ 62. Rxg5 Kc6 63. f6 Rg1
64. f7 Re1+ 65. Kd4 Rd1+ 66. Ke3 Rf1 67. Rf5 Re1+ 68. Kd2 Rg1 69. f8=Q Rg2+ 70.
Ke3 Kc7 71. Qe7+ Kb6 72. Qd6+ Kb7 73. Rf7+ Kc8 74. Qc7# {Hossa checkmated} 1-0

[Event "ICS rated blitz match"]
[Site "204.178.125.65"]
[Date "1999.08.31"]
[Round "?"]
[White "MissSilicon"]
[Black "Hossa"]
[Result "1-0"]
[WhiteElo "2619"]
[BlackElo "2567"]
[PlyCount "124"]
[EventDate "1999.??.??"]

1. d4 Nf6 2. c4 e6 3. Nc3 Bb4 4. Qc2 d5 5. cxd5 exd5 6. Bg5 Nbd7 7. a3 Bxc3+ 8.
Qxc3 O-O 9. Nf3 c6 10. Qc2 Qa5+ 11. Bd2 Qb6 12. e3 c5 13. dxc5 Qxc5 14. Qxc5
Nxc5 15. Bb4 b6 16. Rc1 Nfe4 17. Bb5 Bb7 18. O-O a6 19. Be2 a5 20. Bxc5 bxc5
21. Rfd1 f5 22. Bb5 f4 23. Nd2 Nxd2 24. Rxd2 fxe3 25. fxe3 c4 26. e4 dxe4 27.
Rd7 Ba6 28. Bc6 Rab8 29. Ra7 Bc8 30. Bxe4 Be6 31. Re7 Rfe8 32. Rxe6 Rxe6 33.
Bd5 Kf7 34. Re1 Rbe8 35. Rxe6 Rxe6 36. Bxc4 Ke7 37. Bxe6 Kxe6 38. Kf2 Kd5 39.
Ke3 Kc4 40. Kd2 Kb3 41. Kc1 h6 42. Kb1 g6 43. Kc1 h5 44. h4 Kc4 45. Kc2 Kd4 46.
b3 Ke5 47. b4 axb4 48. axb4 Kd4 49. Kb3 Kd5 50. Ka4 Kc6 51. Ka5 Kb7 52. b5 Ka7
53. b6+ Kb7 54. Kb5 Kc8 55. Kc6 Kd8 56. b7 Ke7 57. b8=Q Ke6 58. Qe8+ Kf6 59.
Kd5 g5 60. Qf8+ Kg6 61. Ke6 Kh7 62. Kf7 62... gxh4 {Hossa resigns} 1-0

[Event "ICS rated blitz match"]
[Site "204.178.125.65"]
[Date "1999.10.09"]
[Round "?"]
[White "MissSilicon"]
[Black "Hossa"]
[Result "1-0"]
[WhiteElo "2690"]
[BlackElo "2408"]
[PlyCount "82"]
[EventDate "1999.??.??"]

1. c4 e6 2. Nf3 d5 3. g3 c5 4. Bh3 Nc6 5. cxd5 exd5 6. Bxc8 Rxc8 7. Qb3 b6 8.
O-O Nf6 9. d3 Be7 10. Bf4 O-O 11. Nc3 d4 12. Ne4 Qd7 13. Ne5 Nxe5 14. Bxe5 Nxe4
15. dxe4 Qh3 16. f4 Rce8 17. e3 dxe3 18. Qxe3 f6 19. Qb3+ Rf7 20. Bc3 Rd8 21.
Rad1 Rc8 22. Qb5 Bf8 23. Qc4 Re8 24. f5 b5 25. Qxb5 Rxe4 26. Rd8 Qg4 27. Qxc5
a6 28. Qd5 Ree7 29. Re1 Rxe1+ 30. Bxe1 g5 31. Rd7 Qh5 32. Qc4 g4 33. h3 Bc5+
34. Qxc5 Rxd7 35. Qc8+ Kg7 36. Qxd7+ Qf7 37. Qxf7+ Kxf7 38. hxg4 h6 39. Bd2 Kg8
40. Bxh6 Kf7 41. g5 41... a5 {Hossa resigns} 1-0

[Event "ICS rated blitz match"]
[Site "204.178.125.65"]
[Date "1999.09.15"]
[Round "?"]
[White "MissSilicon"]
[Black "Hossa"]
[Result "1-0"]
[WhiteElo "2603"]
[BlackElo "2353"]
[PlyCount "71"]
[EventDate "1999.??.??"]

1. e4 e5 2. Nf3 Nf6 3. d4 Nxe4 4. Bd3 d5 5. Nxe5 Bd6 6. O-O Bxe5 7. dxe5 Nc5 8.
Nc3 c6 9. Qh5 Nxd3 10. cxd3 h6 11. d4 O-O 12. Rd1 Re8 13. Rd3 Re6 14. Rg3 Kf8
15. Rf3 Qe8 16. b3 Nd7 17. Ba3+ Kg8 18. Re1 Nf6 19. Qh4 Nd7 20. Ne2 Kh8 21. Nf4
Nxe5 22. dxe5 Rxe5 23. Rfe3 Rxe3 24. Rxe3 Qd7 25. Bb2 d4 26. Bxd4 Kh7 27. Nd3
f6 28. Bxf6 gxf6 29. Qxf6 Qg7 30. Re7 Qxe7 31. Qxe7+ Kg6 32. f3 a5 33. g4 Bxg4
34. fxg4 h5 35. Ne5+ Kh6 36. g5# {Hossa checkmated} 1-0

[Event "ICS rated blitz match"]
[Site "204.178.125.65"]
[Date "1999.10.09"]
[Round "?"]
[White "MissSilicon"]
[Black "Hossa"]
[Result "1-0"]
[WhiteElo "2683"]
[BlackElo "2418"]
[PlyCount "116"]
[EventDate "1999.??.??"]

1. d4 d5 2. c4 dxc4 3. Nf3 Nf6 4. e3 e6 5. Bxc4 a6 6. O-O c5 7. a4 Nbd7 8. Nc3
Bd6 9. dxc5 Bxc5 10. e4 O-O 11. Bf4 Ng4 12. Qc2 e5 13. Bg5 Ngf6 14. Nd5 Be7 15.
Nc7 Ra7 16. Rac1 Nc5 17. Bxf6 Bxf6 18. Nd5 Be6 19. Rfd1 b6 20. Nxf6+ Qxf6 21.
Rd6 Qf4 22. Rxb6 Rc7 23. Re1 Rfc8 24. Bxe6 Nxe6 25. Qe2 a5 26. Ra6 Rc2 27. Ra8
Rxa8 28. Qxc2 Nd4 29. Nxd4 exd4 30. Qc6 Rb8 31. Rd1 h6 32. Qc2 Qf6 33. b3 Qe5
34. f3 Rb4 35. Qc8+ Kh7 36. Qd7 Kg6 37. Rd3 Qc5 38. Qg4+ Kf6 39. Qf4+ Ke6 40.
Kf2 g5 41. Qd2 h5 42. Kg1 Qe5 43. Qc1 Kd7 44. Rd1 g4 45. Rd3 gxf3 46. gxf3 f6
47. Kh1 Qd6 48. Qh6 Qc5 49. Rd1 Rb6 50. Rc1 Qe5 51. Qg7+ Ke6 52. Rc7 Qxc7 53.
Qxc7 Rd6 54. Qxa5 h4 55. Qh5 Ke7 56. Qxh4 Ke6 57. Qh7 Rb6 58. Qf5+ 58... Ke7 {
Hossa resigns} 1-0

[Event "ICS rated blitz match"]
[Site "204.178.125.65"]
[Date "1999.09.11"]
[Round "?"]
[White "MissSilicon"]
[Black "Hossa"]
[Result "1-0"]
[WhiteElo "2663"]
[BlackElo "2473"]
[PlyCount "152"]
[EventDate "1999.??.??"]

1. d4 d5 2. c4 e6 3. Nc3 Nf6 4. Bg5 Be7 5. e3 O-O 6. Nf3 Nbd7 7. Rc1 Re8 8. Bd3
c6 9. O-O a6 10. cxd5 exd5 11. Qc2 Nf8 12. Rfe1 Ng4 13. Bxe7 Rxe7 14. e4 dxe4
15. Nxe4 Bf5 16. h3 Bxe4 17. Bxe4 Nf6 18. Bf5 Ng6 19. Qc5 Nd5 20. Rxe7 Ngxe7
21. Be4 f5 22. Bc2 Qd7 23. Ne5 Qe6 24. Bb3 Re8 25. Re1 Kf8 26. Qa7 Qc8 27. Nd3
Qb8 28. Qxb8 Rxb8 29. Nc5 Kf7 30. Kf1 g5 31. Re5 Kg6 32. Bc2 b6 33. Nxa6 Ra8
34. Nc7 Rxa2 35. Nxd5 Nxd5 36. Bxf5+ Kf6 37. Bxh7 Rxb2 38. Bf5 Rb4 39. Bd7 Nf4
40. Bxc6 Rxd4 41. Re1 Rc4 42. Be8 Rc2 43. Rb1 Ke7 44. Bb5 Kd8 45. Kg1 Kc7 46.
Rb4 Kd6 47. Bf1 Kc6 48. g3 Ne2+ 49. Kg2 Nc1 50. Kf3 Na2 51. Ra4 Nc3 52. Rc4+
Kd6 53. Bd3 Rc1 54. Bg6 b5 55. Rg4 b4 56. Rxb4 Nd1 57. Rg4 Rc5 58. Rd4+ Rd5 59.
Rxd5+ Kxd5 60. Bc2 g4+ 61. hxg4 Nc3 62. g5 Nb5 63. Bb3+ Ke5 64. Kg4 Nd6 65. f4+
Kd4 66. f5 Kc3 67. f6 Kxb3 68. g6 Kc3 69. Kf4 Nb7 70. g7 Nc5 71. g8=Q Nd3+ 72.
Ke4 Nf2+ 73. Ke3 Nd1+ 74. Ke2 Nb2 75. f7 Kd4 76. f8=Q 76... Nd3 {Hossa resigns}
1-0

[Event "ICS rated blitz match"]
[Site "204.178.125.65"]
[Date "1999.09.07"]
[Round "?"]
[White "MissSilicon"]
[Black "Hossa"]
[Result "1-0"]
[WhiteElo "2620"]
[BlackElo "2460"]
[PlyCount "154"]
[EventDate "1999.??.??"]

1. Nf3 Nf6 2. c4 e6 3. Nc3 d5 4. d4 Be7 5. Bg5 O-O 6. e3 Nbd7 7. Bd3 c5 8. O-O
cxd4 9. exd4 dxc4 10. Bxc4 a6 11. Rc1 b5 12. Bd3 Bb7 13. Re1 b4 14. Na4 Qa5 15.
Ne5 Qd5 16. Bf1 Rfc8 17. Bxf6 Bxf6 18. Nxd7 Qxd7 19. Nb6 Qxd4 20. Qxd4 Bxd4 21.
Rxc8+ Rxc8 22. Nxc8 Bxc8 23. Rc1 Bd7 24. Rc7 Be8 25. Bxa6 f6 26. Bc4 Bxb2 27.
Bxe6+ Kf8 28. Bb3 Be5 29. Ra7 h5 30. Ba4 Bg6 31. Ra6 Ke7 32. Bb3 Bd4 33. Rc6
Be5 34. Re6+ Kd8 35. Rb6 Bc3 36. Rb7 f5 37. Bc2 Ke8 38. Rb6 Bf7 39. Bxf5 Bxa2
40. Bg6+ Kd7 41. Bxh5 Bd5 42. Bd1 Kc7 43. Rb5 Bc6 44. Rf5 Kd6 45. Rf8 Bd5 46.
Rh8 Kc5 47. Rh5 Kd6 48. Rh3 Bc4 49. Ba4 Kc5 50. Rh5+ Kb6 51. Rh8 Kc5 52. Rc8+
Kd4 53. Rc7 Kd3 54. Rb7 g5 55. Bb5 Bxb5 56. Rxb5 Kc2 57. Rxg5 b3 58. Rb5 Bd4
59. Kf1 b2 60. Rxb2+ Bxb2 61. Ke2 Bf6 62. f4 Kc3 63. g4 Bh4 64. Ke3 Kc4 65. Ke4
Kc5 66. Ke5 Kc6 67. Ke6 Bf2 68. g5 Be3 69. g6 Bxf4 70. g7 Kc5 71. h4 Kc4 72.
g8=Q Kd4 73. Qg4 Kd3 74. Qxf4 Kc3 75. h5 Kd3 76. h6 Ke2 77. h7 77... Kd3 {
Hossa resigns} 1-0

[Event "ICS rated blitz match"]
[Site "204.178.125.65"]
[Date "1999.10.14"]
[Round "?"]
[White "MissSilicon"]
[Black "Hossa"]
[Result "1/2-1/2"]
[WhiteElo "2714"]
[BlackElo "2341"]
[PlyCount "136"]
[EventDate "1999.??.??"]

1. Nf3 d5 2. c4 c6 3. b3 Bf5 4. Bb2 e6 5. Nc3 Nf6 6. cxd5 cxd5 7. Nh4 Bg4 8. h3
Bh5 9. g4 Ne4 10. Nxe4 Qxh4 11. Rc1 Nc6 12. Ng3 Bg6 13. Bg2 Bd6 14. O-O O-O 15.
Kh2 f5 16. gxf5 Bxf5 17. Qe1 Bg4 18. Rh1 Rac8 19. Kg1 Bh5 20. e4 d4 21. e5 Nxe5
22. Rxc8 Rxc8 23. f4 Nf7 24. Qxe6 Rd8 25. Nf5 Qxf4 26. Nxd6 Qxd6 27. Qxd6 Rxd6
28. Bxb7 Ne5 29. Kg2 Rg6+ 30. Kf1 Rf6+ 31. Kg2 Bf3+ 32. Bxf3 Nxf3 33. Rc1 a6
34. Kg3 Nxd2 35. Bxd4 Rf8 36. Rc7 Rf3+ 37. Kg2 Rf4 38. Rxg7+ Kf8 39. Rg4 Rxg4+
40. hxg4 Kf7 41. Be3 Nb1 42. Kf3 Ke6 43. Bd4 Kd5 44. Ke3 Na3 45. Bc3 Nb5 46.
Bh8 Nd6 47. Kf4 Ne4 48. Bb2 Nf2 49. Ba3 Ne4 50. Bb4 Nf2 51. Bd2 Ne4 52. Ba5 Kd4
53. a3 Kd3 54. b4 Nc3 55. Kg5 Ke4 56. Kh6 Kf4 57. g5 Ne4 58. Bc7+ Kf5 59. Bd8
Ke6 60. Kxh7 Kd7 61. Bf6 a5 62. bxa5 Nxg5+ 63. Bxg5 Kc7 64. Kg6 Kb8 65. Bf6 Ka7
66. Kf7 Kb7 67. Bc3 Kc6 68. Ke6 68... Kc7 {Game drawn by mutual agreement}
1/2-1/2

[Event "ICS rated blitz match"]
[Site "204.178.125.65"]
[Date "1999.08.28"]
[Round "?"]
[White "MissSilicon"]
[Black "Hossa"]
[Result "1-0"]
[WhiteElo "2636"]
[BlackElo "2508"]
[PlyCount "146"]
[EventDate "1999.??.??"]

1. d4 Nf6 2. c4 e6 3. Nf3 Nc6 4. e3 Bb4+ 5. Bd2 O-O 6. Bd3 d5 7. O-O Bd6 8. c5
Be7 9. Qc2 Kh8 10. Rc1 Bd7 11. a3 Rc8 12. b4 a5 13. b5 Na7 14. a4 b6 15. c6 Be8
16. Nc3 Ng4 17. e4 dxe4 18. Nxe4 Qd5 19. h3 Nf6 20. Bf4 Nxe4 21. Bxe4 Qh5 22.
Bd3 Qd5 23. Re1 h6 24. Be5 Qd8 25. Bc4 Bb4 26. Re2 Qe7 27. Qe4 Kg8 28. Bf4 Bc3
29. Rc1 Bb4 30. Bd3 f5 31. Qxe6+ Qxe6 32. Rxe6 Bh5 33. Nh4 Bf7 34. Bxf5 g5 35.
Be5 Bxe6 36. Bxe6+ Kh7 37. Bf5+ Kg8 38. Bxc8 Nxc8 39. Ng6 Rf7 40. Bg3 Rf6 41.
Ne5 Re6 42. Nd7 Bd6 43. d5 Re2 44. Kf1 Rd2 45. Re1 Bxg3 46. fxg3 Kf7 47. Re6
Ra2 48. Rxh6 Kg7 49. Re6 Rxa4 50. Nf6 Nd6 51. Ne8+ Nxe8 52. Rxe8 Rd4 53. Re7+
Kf6 54. Rxc7 Rd1+ 55. Kf2 Rxd5 56. Rc8 Rf5+ 57. Ke3 Ke6 58. Rb8 Re5+ 59. Kf3
Kd6 60. Rxb6 Rc5 61. Rb7 a4 62. Rd7+ Ke6 63. Rd8 Ke5 64. b6 Rxc6 65. b7 Rc3+
66. Kg4 Rb3 67. b8=Q+ Rxb8 68. Rxb8 a3 69. Ra8 Ke6 70. Kxg5 Kd5 71. h4 Kc6 72.
h5 Kb7 73. Rxa3 73... Kc6 {Hossa resigns} 1-0

[Event "ICS rated blitz match"]
[Site "204.178.125.65"]
[Date "1999.09.05"]
[Round "?"]
[White "MissSilicon"]
[Black "Hossa"]
[Result "1/2-1/2"]
[WhiteElo "2668"]
[BlackElo "2519"]
[PlyCount "148"]
[EventDate "1999.??.??"]

1. d4 d5 2. c4 e6 3. Nc3 Nf6 4. Bg5 Be7 5. e3 O-O 6. Nf3 Nc6 7. Bd3 Nb4 8. O-O
c5 9. dxc5 Bxc5 10. cxd5 exd5 11. Rc1 Be7 12. Bb1 Bg4 13. h3 Bh5 14. a3 Nc6 15.
b4 d4 16. exd4 Bxf3 17. Qxf3 Qxd4 18. Rfd1 Qe5 19. Bf4 Qe6 20. Re1 Qb3 21. b5
Nd4 22. Qxb7 Bxa3 23. Ba2 Qb4 24. Bxf7+ Kh8 25. Na2 Qxb5 26. Qxb5 Nxb5 27. Rb1
Rxf7 28. Rxb5 Rc8 29. Be5 Rc2 30. Nb4 Bxb4 31. Rxb4 h5 32. Rb5 h4 33. Rb4 Kg8
34. Rxh4 Re7 35. Ra4 Nd7 36. Bc3 Rxe1+ 37. Bxe1 Rc1 38. Kf1 Rc7 39. Ra1 Kf7 40.
f3 Ke6 41. Bf2 Nb6 42. Re1+ Kd5 43. Rd1+ Kc6 44. Ra1 Kb7 45. g4 Rc4 46. g5 Rf4
47. Kg2 g6 48. Bxb6 Kxb6 49. Kg3 Rf5 50. Kg4 Rf7 51. Rb1+ Kc6 52. f4 a5 53.
Rc1+ Kb5 54. Rb1+ Kc5 55. Ra1 Kb4 56. Re1 a4 57. Re6 Rg7 58. Rb6+ Ka5 59. Rd6
a3 60. Rd3 Kb4 61. Rd1 Rf7 62. h4 Kc3 63. h5 gxh5+ 64. Kxh5 Rxf4 65. g6 Rf2 66.
Rg1 Rh2+ 67. Kg5 Re2 68. g7 Re8 69. Kf6 Rg8 70. Kf7 Rxg7+ 71. Kxg7 a2 72. Rh1
Kb2 73. Rh2+ Kb1 74. Rxa2 74... Kxa2 {
Game drawn because neither player has mating material} 1/2-1/2

[Event "ICS rated blitz match"]
[Site "204.178.125.65"]
[Date "1999.10.13"]
[Round "?"]
[White "MissSilicon"]
[Black "Hossa"]
[Result "1-0"]
[WhiteElo "2657"]
[BlackElo "2451"]
[PlyCount "82"]
[EventDate "1999.??.??"]

1. e4 e5 2. Nf3 Nc6 3. Bc4 Bc5 4. c3 Nf6 5. d4 exd4 6. cxd4 Bb4+ 7. Bd2 Nxe4 8.
Bxb4 Nxb4 9. Bxf7+ Kxf7 10. Qb3+ Kf6 11. Qxb4 Ng5 12. O-O Nxf3+ 13. gxf3 Rf8
14. Re1 d5 15. Nc3 c6 16. Re3 a5 17. Qb3 Rb8 18. Rae1 Kf7 19. Qa3 Kg8 20. Re7
Bh3 21. Na4 Rf6 22. Kh1 Rg6 23. R1e5 Bg2+ 24. Kg1 Bxf3+ 25. Kf1 Bg2+ 26. Ke1
Bh1 27. Nc5 Rg1+ 28. Ke2 Qb6 29. Re8+ Rxe8 30. Rxe8+ Kf7 31. Rf8+ Kg6 32. Qd3+
Kh6 33. Qh3+ Kg6 34. Nd3 Qb5 35. Kd2 Qxd3+ 36. Kxd3 Be4+ 37. Ke3 Bb1 38. Rf3 h5
39. Rg3+ Rxg3+ 40. Qxg3+ Kh7 41. Qc7 41... Bxa2 {Hossa resigns} 1-0

[Event "ICS rated blitz match"]
[Site "204.178.125.65"]
[Date "1999.08.28"]
[Round "?"]
[White "MissSilicon"]
[Black "Hossa"]
[Result "1-0"]
[WhiteElo "2623"]
[BlackElo "2519"]
[PlyCount "73"]
[EventDate "1999.??.??"]

1. Nf3 Nf6 2. c4 e6 3. Nc3 d5 4. d4 Be7 5. Bg5 O-O 6. cxd5 exd5 7. e3 c6 8. Bd3
Bg4 9. Qb3 Bxf3 10. gxf3 b6 11. Qc2 Nbd7 12. O-O c5 13. dxc5 bxc5 14. Bf4 Re8
15. Nb5 Rf8 16. Rad1 Kh8 17. Bf5 d4 18. exd4 a6 19. Nd6 cxd4 20. Rxd4 Bxd6 21.
Rxd6 Qe7 22. Rfd1 Ne5 23. Qe2 Rfe8 24. Bg5 Qb7 25. Kg2 Neg4 26. Qc2 h6 27. Bh4
Nxh2 28. Kxh2 Qxf3 29. Rxf6 Qh5 30. Kg3 gxf6 31. Bxf6+ Kg8 32. Rh1 Qg5+ 33.
Bxg5 hxg5 34. Qc3 Re3+ 35. fxe3 f6 36. Qxf6 Rc8 37. Be6# {Hossa checkmated} 1-0